000
00323nam a2200145Ia 4500
003
OSt
005
20240326144053.0
008
170523s9999 xx 000 0 und d
020
_a
978-0830638598
040
_c
IIMT UNIVERSITY
100
_a
SAVDERS
245
0
_a
DATABASE-2
260
_b
TATA MC GRAW HILL
942
_2
ddc
_c
02
999
_c
1972
_d
1972